000 00345nam a2200133 i 4500
001 bg
100 1 _aMATWIN, Stanisław
245 0 _aTransformacje optymalizujące działające na programach /
_cStanisław Matwin.
260 _aWarszawa,
_c1977.
040 _cBPK
041 _apol
942 _cKS
008 s pl f |000 0 pol
999 _c17671
_d17671
856 _uhttp://koha.tu.koszalin.pl/cgi-bin/koha/opac-detail.pl?biblionumber=17671
_yKatalog online BPK